Statistics for Most Played Quizmakers on JetPunk

Click here to take the quiz!

General Stats

  • This quiz has been taken 7 times
  • The average score is 4 of 20

Answer Stats

RankAnswer% Correct
1Quizmaster
100%
6Stewart
67%
2relessness
50%
7punkfrancais
33%
4Quizzer6794
33%
3scambigol
33%
20Jioazira
17%
16kalbahamut
17%
13WolfCam
17%
14CBTemple
0%
8Gamer1162
0%
11Gassu
0%
5Jerry928
0%
9johnnyaitch
0%
12kiwirage
0%
10KoljiVriVoda
0%
15LBA
0%
19SaturnPL
0%
17skukka
0%
18ThirdParty
0%

Score Distribution

Percentile by Number Answered

Percent of People with Each Score

Your Score History

You have not taken this quiz